000 00644nam a2200229Ia 4500
001 10005
003 GE_BSU
008 181216s||||||||xx |||||||||||||| ||und||
040 _cGE_BSU
080 _a821.353.1–1
100 _aორჯონიკიძე,იზა
245 _aნათელი
245 _bლექსები
245 _cრედ. ო.ჭელიძე.მხატვ.სპ.ცინცაძე
260 _aთბილისი
260 _bმერანი
260 _c1969
300 _a55გვ.16სმ.
653 _aლექსები
653 _aნათელი
942 _cBK
999 _c43278
_d43278